मराठी व्याकरणातील निबंध (Record no. 627146)

MARC details
000 -LEADER
fixed length control field 00642nam a2200181Ia 4500
008 - FIXED-LENGTH DATA ELEMENTS--GENERAL INFORMATION
fixed length control field 100917s9999 xx 000 0 und d
082 ## - DEWEY DECIMAL CLASSIFICATION NUMBER
Item number 21752
100 ## - MAIN ENTRY--PERSONAL NAME
Personal name चिपळूणकर विष्णुशास्त्री
245 ## - TITLE STATEMENT
Title मराठी व्याकरणातील निबंध
260 ## - PUBLICATION, DISTRIBUTION, ETC. (IMPRINT)
Name of publisher, distributor, etc ---
300 ## - PHYSICAL DESCRIPTION
Extent 289
365 ## - TRADE PRICE
Price amount 1
520 ## - SUMMARY, ETC.
Summary, etc भाषाशास्त्र
630 ## - SUBJECT ADDED ENTRY--UNIFORM TITLE
Uniform title मराठी व्याकरणातील निबंध
650 ## - SUBJECT ADDED ENTRY--TOPICAL TERM
Topical term or geographic name as entry element भाषाशास्त्र
730 ## - ADDED ENTRY--UNIFORM TITLE
Uniform title मराठी व्याकरणातील निबंध
942 ## - ADDED ENTRY ELEMENTS (KOHA)
Koha item type Book
Holdings
Withdrawn status Lost status Damaged status Not for loan Home library Current library Shelving location Date acquired Cost, normal purchase price Total Checkouts Barcode Date last seen Price effective from Koha item type Public note
      Added to bundle Pune Marathi Grantha Sangrahalaya Pune Marathi Grantha Sangrahalaya   09/17/2010 1.00   PUNMGS-21752 09/17/2010 09/17/2010 Book संदर्भ